• 首页
  • 本馆介绍
  • 公告通知
  • 最新文献
  • 馆藏检索
  • 电子资源
  • 读者导购
  • 参考咨询
  • 我的图书馆
  • 登录
  • 详细信息显示
  • 放入我的书架
  • 预约/预借图书
  • 作者相关作品
  • 分类相关作品
  • 丛书相关作品
  • 出版社相关作品

书目信息

  • 表格格式
  • 工作单格式
  • 卡片格式
题名:
采薇
    
 
作者: 曹洁 著
分册:  
出版信息: 北京   中国经济出版社  2020
页数: 198页
开本: 24cm
丛书名:
单 册:
中图分类: I367 , I267
科图分类:
主题词: 散文集--中国--当代 , 散文--中国 , 散文--作品综合集--中国
电子资源:
ISBN: 978-7-5136-6369-4
000 00703nam0 2200253 450
001 2169796079
005 20211113192019.31
010    @a978-7-5136-6369-4@b精装@dCNY49.80
100    @a20210203d2020 em y0chiy50 ea
101 0  @achi
102    @aCN@b110000
105    @ay z 000cy
200 1  @a采薇@9cai wei@f曹洁著
210    @a北京@c中国经济出版社@d2020
215    @a198页@d24cm@e1附件(32页;21cm)
300    @a冰心散文奖 获奖作家散文自选集/周明,红孩总主编
606 0  @a散文集@y中国@z当代
606 0  @a散文@x中国
606 0  @a散文@x作品综合集@x中国
690    @aI367@v5
690    @aI267@v4
701  0 @a曹洁@9cao jie@4著
801  0 @aCN@b91MARC@c20210225
905    @aZUCC@dI267@e1494
    
    采薇/曹洁著.-北京:中国经济出版社,2020
    198页;24cm+1附件(32页;21cm)
    冰心散文奖 获奖作家散文自选集/周明,红孩总主编
    
    ISBN 978-7-5136-6369-4(精装):CNY49.80
    
●
相关链接 在五车中查询图书 在当当中查询图书 在豆瓣中查询图书


正题名:采薇     索取号:I267/1494         预约/预借

序号 登录号 条形码 馆藏地/架位号 状态 备注
1 2000885218   2000885218   第一书库/ [索取号:I267/1494] 在馆    
2 2000885219   2000885219   第一书库/ [索取号:I267/1494] 在馆    
3 2000885220   2000885220   第一书库/ [索取号:I267/1494] 在馆    
山东省滨州职业学院图书馆 欢迎您!
大连网信软件有限公司© 版权所有